000 00718nam a22002417a 4500
999 _c3992
_d3992
003 AR-CdUCM
008 190307b ||||| |||| 00| 0 spa d
020 _a84-8280-110-4
040 _aMUNICIPALIDAD PROVINCIAL DEL CUSCO
_cBIBLIOTECA MUNICIPAL DEL CUSCO
041 _hfre
082 _a808.8 /
_bZ85
100 _aZola, Émile
_912752
245 _aNaná /
260 _aBogotá :
_bLa oveja Negra,
_c1984.
300 _a442 páginas ;
_c19 cm.
440 _aHistoria universal de la literatura.
_n10
_912753
650 _aNovelas francesas
_9571
650 _aSiglo XIX
_9971
650 _aTraducciones al español
_91053
700 _aArce, Carlos de (traductor)
_912754
942 _2ddc
_cLIBROS
945 _azta